000 00862nam a2200205 i 4500
001 65698
003 ES-MaACL
005 20230906165441.0
007 t|
008 040120s1956 sp ||||1| spa d
100 1 _aFuehner, Hermann.
_952819
245 1 0 _aToxicología médica
_b: manual para médicos, farmaceúticos y químicos /
_cpor H. Fühner ; refundido por W. Wirth y G. Hecht ; versión española de la 3ª ed. alemana por Adolfo Florensa Goicoechea ; prólogo y revisión por M. Sales Vázquez.
260 _aBarcelona :
_bEditorial Científico-Médica,
_c1956 (
_fCasa Provincial de Caridad, Imp. Escuela)
300 _aXXVII, 275 p. ;
_c25 cm.
700 1 _aHecht, G.
_962271
700 1 _aWirth, W.
_9117138
700 1 _aFlorensa Goicoechea, Adolfo.
_951248
700 1 _aSales Vázquez, Miguel.
_9101887
852 _aES-MaACL
_jC-10168
_bR.38562
999 _c65698
_d65698